000 01139nam a2200289 a 4500
003 BLK
005 20250426134356.0
007 ta
008 200916b bu |||||r|||| 00| | bu d
020 _a978-
_q3800083833642
040 _aBLK
041 _aBUL
_cBUL
080 _aМузика
_b78
_z78
_9234805
084 _aЛ 95
245 _aЛюбими мелодии от прочути композитори
_bКнига със звуци
_cил. Александра Коломбо
257 _aBGR
260 _9209475
_aСофия
_bФют
_c2023
_fКитай
_n978-619-199- ; 978-954-625-
300 _a[12] л.
_bс цв. ил.
_c19x19 см
380 _aDN
500 _aКор. опис. - Ориг. загл.: Classical Melodies / ill. Alexandra Colombo. - Кн. отпеч. на ламиниран картон.
700 _9489781
_aКоломбо, Александра
856 _i0.00
_ldisable
942 _cKNG
_n0
_s1
_031
944 _k30542
_lРусанова Ирена
_cДиана Гривева
999 _c498445
_d498445
999 _d498445